000 00757nam a2200229Ia 4500
003 OSt
005 20220923213647.0
006 a|||||r|||| 00| 0
007 ta
008 220922b |||||||| |||| 00| 0 hin d
024 _a163,842
037 _cTextual
040 _aARTS
_cARTS
_bhin
041 _2hin
_ahin
082 _aO152:1M89:18:9, K52
100 _aसिंह, कामेश्वर प्रसाद
245 0 _aकामायनी का प्रवृतिमूलंक अध्ययन,
246 _aKāmāyanī kā pravṛutimūlanka adhyayana,
260 _c1965
942 _hO152:1M89:18:9, K52
_cTEXL
_2CC
999 _c318322
_d318322